000 00508nam a2200169Ia 4500
999 _c584
_d584
003 OSt
005 20201224144409.0
008 190216s9999||||xx |||||||||||||| ||und||
040 _coclc
082 _a297.272
_bKHA/T
100 _aKhan, Qamar-Ud-Din
_92425
245 4 _aThe Political Thought Of Ibn Taymiyah /
_cQamar-Ud-Din Khan
260 _bAdam Publishers & Distributors,
_c1992.
_aDelhi:
300 _a208p
650 _aArabic
942 _cBK
_2ddc
_h297.272
_iKHA/T
_k297.272
_mKHA/T